000 01206nam a22003497a 4500
003 CHAP
005 20220329140110.0
008 971013s1982 r 00010 d
010 _a46949
011 _a47921
035 _a52065
040 _cCHAP
090 _aTesis
100 0 0 _aSalazar Silva, Abel.
_9101450
245 _aEnraizamiento de estacas de manzana MM-106 con ácido indolbutírico (AIB) y 22 C en la base
260 _aChapingo, Méx. :
_bEl autor,
_c1982
300 _a58 h.
_b; gráfs.
502 _aTesis (Ing. Agr. Esp. en Fitotecnia) --UACH. Departamento de Fitotecnia
590 _aALEPH
_b10
_c20130110
_lUCH01
_h1316
590 _aBATCH-UPD
_b10
_c20130110
_lUCH01
_h0134
590 _aBATCH-UPD
_b10
_c20130110
_lUCH01
_h1640
590 _aBATCH-UPD
_b10
_c20130410
_lUCH01
_h1031
590 _aBATCH-UPD
_b10
_c20130914
_lUCH01
_h1745
590 _aCONVERSION
_b10
_c20130109
_lUCH01
_h1326
650 1 4 _aManzana
_xPropagación.
_970798
650 1 4 _aPlantas
_xCrecimiento
_xAditivos.
_988804
901 _aBK
942 _cFOLL
949 _bBC
_cTES
_d-116192
_eTS1
_i52065
_si
949 _bBC
_cTES
_d-116194
_eTS2
_fc.2
_i52065
_si
949 _bBC
_cTES
_d-116195
_eTS2
_fc.3
_h21958
_i52065
_si
999 _c46949
_d46949